• 首页
  • 本馆介绍
  • 公告通知
  • 最新文献
  • 馆藏检索
  • 电子资源
  • 读者导购
  • 参考咨询
  • 我的图书馆
  • 登录
  • 详细信息显示
  • 放入我的书架
  • 预约/预借图书
  • 作者相关作品
  • 分类相关作品
  • 丛书相关作品
  • 出版社相关作品

书目信息

  • 表格格式
  • 工作单格式
  • 卡片格式
题名:
王充
    
 
作者: 张鸿 , 张分田 著
分册:  
出版信息: 西安   陕西师范大学出版总社  2017
页数: 154页
开本: 24cm
丛书名: “大家精要”丛书
单 册:
中图分类: B234.85
科图分类:
主题词:
电子资源:
ISBN: 978-7-5613-9127-3
000 00902oam2 2200265 450
001 3550
005 20180527164818.80
010    @a978-7-5613-9127-3@dCNY20.00
100    @a20180217d2017 em y0chiy50 ea
101 0  @achi
102    @aCN@b610000
105    @ay z 000yd
200 1  @a王充@9wang chong@f张鸿,张分田著
210    @a西安@c陕西师范大学出版总社@d2017
215    @a154页@d24cm
225 1  @a“大家精要”丛书@i中国人物@i汉
330    @a本书共分5章,介绍了东汉思想家王充的生平、思想、历史地位,内容包括王充的人生之旅,剥掉儒家宗师与经典的神圣外衣,揭露鬼怪神仙、方术禁忌的虚妄等。
461  0 @12001 @a“大家精要”丛书
462  0 @12001 @a中国人物@a汉
600  0 @a王充@f(27-约97)@x人物研究
690    @aB234.85@v5
701  0 @a张鸿@9zhang hong@c(女,@f1976~)@4著
701  0 @a张分田@9zhang fen tian@f(1948~)@4著
801  0 @aCN@b91MARC@c20180217
905    @aMuseLib@dB234.85@e45
    
    王充/张鸿,张分田著.-西安:陕西师范大学出版总社,2017
    154页;24cm.-(“大家精要”丛书.中国人物.汉)
    
    
    ISBN 978-7-5613-9127-3:CNY20.00
    本书共分5章,介绍了东汉思想家王充的生平、思想、历史地位,内容包括王充的人生之旅,剥掉儒家宗师与经典的神圣外衣,揭露鬼怪神仙、方术禁忌的虚妄等。
●
相关链接 在E读中查询图书 在五车中查询图书 在当当中查询图书 在豆瓣中查询图书


正题名:王充     索取号:B234.85/45         预约/预借

序号 登录号 条形码 馆藏地/架位号 状态 备注
1 1109648   211096482   第一样本阅览室/ [索取号:B234.85/45] 在馆    
2 1109649   211096491   教育系资料室/ [索取号:B234.85/45] 在馆    
3 1109650   211096507   教育系资料室/ [索取号:B234.85/45] 在馆    
4 1109651   211096516   第一借阅区/ [索取号:B234.85/45] 在馆    
唐山师范学院图书馆 欢迎您!
大连网信软件有限公司© 版权所有